[Event "Moia op 5th"]
[Site "Moia"]
[Date "2016.09.30"]
[Round "2"]
[White "Verdaguer Sanmarti, Jordi"]
[Black "Castano Sanchez, Tomas"]
[Result "1-0"]
[WhiteElo "1743"]
[BlackElo "1360"]
[PlyCount "111"]
[EventDate "2016.09.23"]
[EventType "swiss"]
[EventRounds "8"]
[EventCountry "ESP"]
[SourceTitle "EXT 2018"]
[Source "ChessBase"]
[SourceDate "2017.10.13"]
[SourceVersion "1"]
[SourceVersionDate "2017.10.13"]
[SourceQuality "1"]

1. e4 c5 2. f4 e6 3. Nf3 a6 4. Nc3 Nc6 5. a3 d5 6. d3 Bd6 7. exd5 exd5 8. Nxd5 Nge7 9. Nc3 0-0 10. Be2 Nf5 11. 0-0 b5 12. Ne4 Be7 13. c3 Qb6 14. Ne5 Ra7 15. Qc2 Nh4 16. Be3 Nf5 17. Bf2 Rc7 18. b4 Nxe5 19. fxe5 Qe6 20. Nxc5 Bxc5 21. Bxc5 Re8 22. Bf2 Qg6 23. d4 Bb7 24. Bg3 Bc8 25. Bd3 Ne3 26. Bxg6 Nxc2 27. Bxh7+ Kxh7 28. Rac1 Nxa3 29. e6 Rce7 30. Rxf7 Bxe6 31. Rxe7 Rxe7 32. Re1 Kg8 33. d5 Nc2 34. Rxe6 Rxe6 35. dxe6 Kf8 36. Bd6+ Ke8 37. Kf2 Na3 38. Ke2 Nc4 39. Bc5 Ne5 40. h3 g5 41. Ke3 Nc4+ 42. Ke4 Nd2+ 43. Kf5 Nb1 44. Bd4 Na3 45. Kxg5 Nc4 46. h4 a5 47. bxa5 Nxa5 48. h5 Nc6 49. Bf6 Kf8 50. h6 Kg8 51. e7 Nxe7 52. Bxe7 Kh7 53. g4 b4 54. cxb4 Kh8 55. Kg6 Kg8 56. h7+ 1-0

[Event "Moia op 5th"]
[Site "Moia"]
[Date "2016.09.23"]
[Round "1"]
[White "Roca Codina, Josep"]
[Black "Verdaguer Sanmarti, Jordi"]
[Result "1-0"]
[WhiteElo "1665"]
[BlackElo "1743"]
[PlyCount "92"]
[EventDate "2016.09.23"]
[EventType "swiss"]
[EventRounds "8"]
[EventCountry "ESP"]
[SourceTitle "EXT 2018"]
[Source "ChessBase"]
[SourceDate "2017.10.13"]
[SourceVersion "1"]
[SourceVersionDate "2017.10.13"]
[SourceQuality "1"]

1. f4 b6 2. Nf3 Nc6 3. e3 Bb7 4. b3 e6 5. Bb2 Nf6 6. d4 Be7 7. Be2 d5 8. 0-0 Qd6 9. c4 0-0 10. Nc3 Ne4 11. Nb5 Qd7 12. Ne5 Nxe5 13. dxe5 a6 14. Nc3 Nxc3 15. Bxc3 c6 16. cxd5 cxd5 17. Bd4 Bc5 18. Bd3 g6 19. h4 f6 20. exf6 Bxd4 21. exd4 Rxf6 22. Qg4 Qg7 23. Rae1 Bc8 24. Re5 Bd7 25. Rc1 Raf8 26. g3 h5 27. Qe2 R8f7 28. Bxa6 Rf5 29. Bd3 R5f6 30. Bb5 Rf8 31. Rc7 R6f7 32. Bxd7 Rxd7 33. Rxd7 Qxd7 34. Rxe6 Qg7 35. Qe5 Ra8 36. Qxg7+ Kxg7 37. a4 b5 38. axb5 Rb8 39. b6 Kf7 40. Rc6 Kg7 41. Kf2 Kf7 42. b4 Ke7 43. Rxg6 Kd7 44. b5 Kc8 45. Rg8+ Kb7 46. Rxb8+ Kxb8 1-0

[Event "Moia op 3rd"]
[Site "Moia"]
[Date "2014.10.17"]
[Round "5"]
[White "Tunica Riu, Cecili"]
[Black "Verdaguer Sanmarti, Jordi"]
[Result "0-1"]
[WhiteElo "1714"]
[BlackElo "1700"]
[PlyCount "48"]
[EventDate "2014.09.19"]
[EventType "swiss"]
[EventRounds "8"]
[EventCountry "ESP"]
[SourceTitle "EXT 2016"]
[Source "ChessBase"]
[SourceDate "2015.10.08"]
[SourceVersion "1"]
[SourceVersionDate "2015.10.08"]
[SourceQuality "1"]

1. d4 d5 2. Nf3 Bf5 3. Bf4 Nf6 4. e3 e6 5. c4 c6 6. Qb3 Qb6 7. Qxb6 axb6 8. a3 c5 9. cxd5 Nxd5 10. Bb5+ Nc6 11. Ne5 Rc8 12. 0-0 Be7 13. Bg3 0-0 14. Nd2 Nf6 15. h3 cxd4 16. exd4 Nxd4 17. Ndf3 Nxb5 18. Bh4 Rcd8 19. g4 Bg6 20. g5 Ne4 21. Rfe1 Nd2 22. Re3 Nxf3+ 23. Rxf3 Bf5 24. a4 Nd4 0-1